Sports Quiz

Random Sports Quiz

MLB Official Definitions Quiz Stats

Quiz not verified by Sporcle

Challenge
Share
Tweet
Embed
Score 0/10 Timer 05:00
0 Plays Today
definition term % Correct
an illegal act by the pitcher with a runner or runners on base, entitling all runners to advance one basebalk
93%
the seating facilities reserved for players, substitutes and other team members in uniform when they are not actively engaged on the playing fieldbench
87%
a play by the defense in which three offensive players are put out as a result of continuous action, providing there is no error between putoutstriple play
87%
one so high, so low, or so wide of the plate that it cannot be handled with ordinary effort by the catcherwild pitch
86.5%
a batted ball that goes sharp and direct from the bat to a fielder without touching the groundline drive
77.3%
a play in which a runner legally loses his right to occupy a base by reason of the batter becoming a runnerforce play
61.6%
a declaration by the umpire that a runner is entitled to the base for which he was tryingsafe
56.2%
a play when a team, with a runner on third base, attempts to score that runner by means of a buntsqueeze play
53%
the action of a fielder in touching a base with his body while holding the ball securely and firmly in his hand or glovetag
46.5%
a ball out of play because of a legally created temporary suspension of playdead ball
33%

You're not logged in!

Compare scores with friends on all Sporcle quizzes.
Join for Free
OR
Log In

You Might Also Like...

Show Comments

Extras

Top Quizzes Today


Score Distribution

Your Account Isn't Verified!

In order to create a playlist on Sporcle, you need to verify the email address you used during registration. Go to your Sporcle Settings to finish the process.

Report this User

Report this user for behavior that violates our Community Guidelines.

Details: